00543nam a2200193 a 4500001001300000003000900013005001700022008004100039020001000080082001300090100001900103245007500122260005900197300000900256500003500265505001000300650002000310700001900330nice12345678IN_TiNIC20260116011314.0050524s1967 bana grp 000 0 eng  ac10000a370bCAR aCarman, John B aStudy of Religion in Indian Universitiesb Report of the Consultation. aBangalorebChristian Instt.For Study of Religionc1967 a119p aincludes index and biblioraphy2 aIndex aEducation-India1 aCarman, John B